| 000 | 00701nam a2200169 4500 | ||
|---|---|---|---|
| 001 | 117134 | ||
| 003 | ES-MaACL | ||
| 005 | 20230906190832.0 | ||
| 007 | t| | ||
| 008 | 071121s1927 sp r ||||1| spa d | ||
| 100 | 1 |
_aPeña, Luis de la. _990234 |
|
| 245 | 1 | 0 |
_aAsociación nacional de la propiedad inmueble _b: escrito presentado en la información abierta en el Ministerio de Hacienda sobre el proyecto de la ley del 17 noviembre 1926 estableciendo al impuesto sobre rentas y ganancias / _cLuis de la Peña, Jesús Cánovas del Castillo. |
| 260 |
_aMadrid : _bRivadeneyra, _c1927. |
||
| 300 |
_a22 p. ; _c19 cm. |
||
| 700 | 1 |
_aCánovas del Castillo, Jesús. _934604 |
|
| 852 |
_aES-MaACL _j1735-F-11 |
||
| 999 |
_c117134 _d117134 |
||